000 00375nam a2200157Ia 4500
008 210210b1971 xxu||||| |||| 00| 0 eng d
020 _a0 1954115 5
082 _a589.2 INGF
100 _aINGOLD (C T).
245 _aFungal spores.
260 _aClarendon Press
_bOxford
_c1971
300 _a302
650 _aFungal spores dispersal
690 _aBotany
906 _a029654
999 _c80867
_d80867